Literatura española e hispanoamericana: modelos de análisis

Furkejuvvon:
Bibliográfalaš dieđut
Váldodahkki: Fernández de Yácubsohn, Martha (Dahkki)
Materiálatiipa: Girji
Giella:espánnjágiella
Almmustuhtton: Buenos Aires Kapelusz 1979
Fáttát:
Fáddágilkorat: Lasit fáddágilkoriid
Eai fáddágilkorat, Lasit vuosttaš fáddágilkora!

MARC

LEADER 00000nam a2200000 a 4500
001 UCH8102
003 CL-VaPUC
008 091127e19790000AG |||||||||||||||||spa|d
082 0 4 |a 860  |b FER  |2 21 
100 0 |a Fernández de Yácubsohn, Martha  |e author  |9 544521 
245 1 0 |a Literatura española e hispanoamericana: modelos de análisis 
300 |a 297 p 
942 |c BK 
945 |d 20091127 00:00:00  |a ccalabra 
260 |a Buenos Aires  |b Kapelusz  |c 1979 
500 |a Para cuarto curso de las escuelas de comercio 
650 0 |a Literatura  |9 259151 
650 0 |a Literatura española  |9 306261 
650 0 |a Literatura hispanoamericana  |9 269097 
650 0 |a Escritores españoles  |9 318145 
650 0 |a Escritores  |9 313723 
650 0 |a Narrativa  |9 336727 
650 0 |a Lectura  |9 307634 
651 0 |a España  |9 254926 
651 0 |a Latinoamérica  |9 316393 
583 |a last modification  |c 20091127 00:00:00  |k Rodrigo Vera 
999 |c 338345  |d 338343